000 01195nam a22002657a 4500
005 20170124103119.0
010 _aA-724492
020 _c00.00
035 _aA-724492
037 _bCen Lib/Ret
040 _aDPL
_bHN
082 _a301.153
_bज्योतिअ
100 _aज्योति अरुण
_981426
245 _aमानववाद :
_cज्योति अरुण
_bगाँधी एवं सात्र /
246 _aManavvaad : Gandhi evam satra /
_bby Jyoti Arun
260 _aजयपुर
_bप्रिंटवैल
_c1994
270 _bजयपुर
_aएस-12, शोपिंग काम्प्लेक्स, तिलक नगर
_e302004
300 _a150पृ.
_c20सेमी(सजिल्द )
500 _aसन्दर्भ सूची शामिल
650 _aमानवतावाद अवधारणा
_x
_z
_969942
650 _aमानवतावाद अवधारणा--गांधीवाद
_978963
650 _aThe concept of humanism
_981427
650 _a The concept of humanism - Gandhiana
_981428
942 _2ddc
_cHN
_h301.153
_mज्योतिअ
999 _c118681
_d118681